100 ហេតុការណ៍នៃប្រវត្តិសាស្រ្តពិភពលោក / (Record no. 1721)
[ view plain ]
| 000 -LEADER | |
|---|---|
| fixed length control field | 02855nam a22003377a 4500 |
| 001 - CONTROL NUMBER | |
| control field | 1721 |
| 003 - CONTROL NUMBER IDENTIFIER | |
| control field | FISKH |
| 005 - DATE AND TIME OF LATEST TRANSACTION | |
| control field | 20231003161501.0 |
| 008 - FIXED-LENGTH DATA ELEMENTS--GENERAL INFORMATION | |
| fixed length control field | 230920b cb ||||| |||| 00| 0 khr d |
| 020 ## - INTERNATIONAL STANDARD BOOK NUMBER | |
| International Standard Book Number | 9789924341673 |
| 040 ## - CATALOGING SOURCE | |
| Original cataloging agency | FISKH |
| Language of cataloging | eng |
| Transcribing agency | FISKH |
| Modifying agency | FISKH |
| 082 ## - DEWEY DECIMAL CLASSIFICATION NUMBER | |
| Classification number | 902 |
| 100 ## - MAIN ENTRY--PERSONAL NAME | |
| Personal name | Yeong, Ye |
| 245 ## - TITLE STATEMENT | |
| Title | 100 ហេតុការណ៍នៃប្រវត្តិសាស្រ្តពិភពលោក / |
| Remainder of title | ពីបដិវត្តន៍ឧស្សាហកម្ម រហូតដល់ការមកដល់ប៉ូលខាងត្បូង : |
| Statement of responsibility, etc. | និពន្ធដោយ យេ យ៉ង, ស៊ីន ជេហ្វាន់ និង ឆាន់ ដុងហូ - គូររូបដោយ ស៊ីន ជេហ្វាន់ និង ឆង់ ដុហូ - បកប្រែពីភាសាកូរ៉េដោយ ទូច វណ្ដា |
| 260 ## - PUBLICATION, DISTRIBUTION, ETC. | |
| Place of publication, distribution, etc. | Phnom Penh : |
| Name of publisher, distributor, etc. | Sipar, |
| Date of publication, distribution, etc. | 2022. |
| 300 ## - PHYSICAL DESCRIPTION | |
| Extent | 109 pages : |
| Other physical details | color illustrations ; |
| Dimensions | 23 cm |
| 490 ## - SERIES STATEMENT | |
| Series statement | ខ្ញុំចង់ដឹង |
| Volume/sequential designation | 5 |
| 505 ## - FORMATTED CONTENTS NOTE | |
| Formatted contents note | Z'<br/> |
| 520 ## - SUMMARY, ETC. | |
| Summary, etc. | នៅក្នុងផ្នែកទី 5 នៃថ្លុកកំប្លែងនេះ មិត្តអ្នកអាននឹងបានដឹងអំពីព្រឹត្តិការណ៍ប្រវត្តិសាស្ត្រដែលបានកើតឡើងនៅក្នុងប្រទេសអ៊ឺរ៉ុប និងអាស៊ី ចាប់ពីបដិវត្តន៍ឧស្សាហកម្មរហូតដល់ការមកដល់នៃប៉ូលខាងត្បូង រួមទាំងបដិវត្តន៍បារាំង សង្គ្រាមអាភៀន សង្គ្រាមស៊ីវិល ហ្គេមអូឡាំពិច និងជាច្រើនទៀត។ ព្រឹត្តិការណ៍ចាប់ផ្តើមពីចុងសតវត្សទី 18 ដល់ដើមសតវត្សទី 20 ។ |
| 520 ## - SUMMARY, ETC. | |
| Summary, etc. | In this 5th part of the series, readers will know about historical events which took place in European and Asian countries, from the Industrial Revolution to the arrival at the South Pole, including the French Revolution, the Opium War, the Civil War, the Olympic games and many other events starting from the late 18th to the early 20th century. |
| 521 8# - TARGET AUDIENCE NOTE | |
| Target audience note | 1060<br/> |
| Source | Lexile estimate<br/> |
| 521 8# - TARGET AUDIENCE NOTE | |
| Target audience note | Z'<br/> |
| Source | Raz-Plus<br/> |
| 650 ## - SUBJECT ADDED ENTRY--TOPICAL TERM | |
| Topical term or geographic name entry element | សង្រ្គាមលោក |
| Form subdivision | បដិវត្តន៍ |
| General subdivision | ប្រវត្តិសាស្រ្ត |
| 650 ## - SUBJECT ADDED ENTRY--TOPICAL TERM | |
| Topical term or geographic name entry element | World war |
| Form subdivision | Revolution |
| General subdivision | History |
| 700 ## - ADDED ENTRY--PERSONAL NAME | |
| Personal name | Jae-hwan, shin |
| Relator term | Author |
| 700 ## - ADDED ENTRY--PERSONAL NAME | |
| Personal name | Dong-ho, Jeong |
| Relator term | Author |
| 700 ## - ADDED ENTRY--PERSONAL NAME | |
| Personal name | Jae-hwan, shin |
| Relator term | illustrator |
| 700 ## - ADDED ENTRY--PERSONAL NAME | |
| Personal name | Dong-ho, Jeong |
| Relator term | illustrator |
| 700 ## - ADDED ENTRY--PERSONAL NAME | |
| Personal name | Vanda, Touch |
| Relator term | Translator |
| 942 ## - ADDED ENTRY ELEMENTS (KOHA) | |
| Source of classification or shelving scheme | Dewey Decimal Classification |
| Koha item type | Khmer Books |
| Suppress in OPAC | No |
| Withdrawn status | Lost status | Source of classification or shelving scheme | Damaged status | Not for loan | Collection | Home library | Current library | Shelving location | Date acquired | Total Checkouts | Full call number | Barcode | Date last seen | Copy number | Price effective from | Koha item type |
|---|---|---|---|---|---|---|---|---|---|---|---|---|---|---|---|---|
| Dewey Decimal Classification | Khmer Non-Fiction / សៀវភៅខ្មែរ រឿងពិត | Footprints International School Library Network Toul Kork Campus | Footprints International School Library Network Toul Kork Campus | 09/20/2023 | YEO 902 | 2023-0671 | 09/20/2023 | 1 | 09/20/2023 | Khmer Books | ||||||
| Dewey Decimal Classification | Khmer Non-Fiction / សៀវភៅខ្មែរ រឿងពិត | Footprints International School Library Network Toul Kork Campus | Footprints International School Library Network Toul Kork Campus | 09/20/2023 | YEO 902 | 2023-0672 | 09/20/2023 | 2 | 09/20/2023 | Khmer Books |
